000 00271nam a22001097a 4500
008 230624b |||||||| |||| 00| 0 eng d
100 _aKishna, Pura Swami
_99024
245 _aBayla Bhastature Itihas
260 _bGrowtha prakashan:
_c1966.
300 _a334p
942 _cBK
999 _c38946
_d38946